Normal view MARC view

Entry Topical Term

Number of records used in: 1

001 - CONTROL NUMBER

  • control field: 57512

003 - CONTROL NUMBER IDENTIFIER

  • control field: OSt

005 - DATE AND TIME OF LATEST TRANSACTION

  • control field: 20251022105828.0

008 - FIXED-LENGTH DATA ELEMENTS

  • fixed length control field: 251022|| aca||aabn | a|a d

040 ## - CATALOGING SOURCE

  • Original cataloging agency: OSt
  • Transcribing agency: OSt

150 ## - HEADING--TOPICAL TERM

  • Topical term or geographic name entry element: Rushikulya Valley, Early medieval Odisha, Brahmans, Carana, Sakha, Gotra, pravara, Anupravara.

670 ## - SOURCE DATA FOUND

  • Source citation: Work cat.: (OSt): Shirode, Raj Purushottam 57511, The Vājasaneya brāhmaṇas of the Rushikulya valley, 550–1000 ce

Powered by Koha